|
|
|
|
| LEADER |
00867nam a22002412a 4500 |
| 001 |
001095342 |
| 003 |
CZ BrMZK |
| 005 |
20100513062950.0 |
| 007 |
ta |
| 008 |
100506s1930 xr er|||||||||||cze d |
| 040 |
|
|
|a BOA001
|b cze
|
| 041 |
1 |
|
|a cze
|h und
|
| 100 |
1 |
|
|a Crémieux, Hector,
|d 1828-1892
|7 jn20030828030
|4 aut
|
| 245 |
1 |
0 |
|a Orfeus v podsvětí :
|b burleskni opera o 2 dějstvích a 4 obrazech /
|c Hector Crémieux ; hudbu složil J. Offenbach ; s částečným použitím starších motivů nově přel. a upr. Bedřich Stein
|
| 260 |
|
|
|a V Nymburce :
|b Jan Minář,
|c [1930]
|
| 300 |
|
|
|a 82, 1 s.
|
| 490 |
1 |
|
|a Jamin ;
|v sv. 2
|
| 700 |
1 |
|
|a Stein, Bedřich
|7 xx0065537
|4 trl
|
| 830 |
|
0 |
|a Jamin
|
| 910 |
|
|
|a BOA001
|b 1-0146.562,2
|
| 990 |
|
|
|a BK
|
| 991 |
|
|
|b 201005
|
| 996 |
7 |
|
|b 2619332111
|c 1-0146.562,2
|l MZK
|r Sklad / do 1 hodiny
|n 2
|w 001121201
|u 000010
|a 1
|e BOA001
|j MZK50
|s A
|